| 000 | 03097nam a2200313 i 4500 | ||
|---|---|---|---|
| 001 | 000048032 | ||
| 003 | DO-SdBNP | ||
| 005 | 20250306095851.0 | ||
| 007 | ta | ||
| 008 | 181102s2016 dr ac 000 0 spa d | ||
| 020 | _a9789945902358 | ||
| 040 |
_aDO-SdBNP _bspa _cBNPHU _erda |
||
| 082 |
_axxx _bP925 _222 |
||
| 111 | 2 |
_aPremio Internacional Pedro Henríquez Ureña : _cSanto Domingo, República Dominicana _d2015. _975529 |
|
| 245 | 1 | 0 |
_aMemoria : _bPremio Internacional Pedro Henríquez Ureña 2015 otorgado a la critica argentina Beatriz Sarlo / _ccompilador-editor, Luis O. Brea Franco. |
| 264 | 1 |
_aSanto Domingo : _bMinisterio de Cultura, _c2016. |
|
| 300 |
_a135 paginas : _bilustraciones, retratos. ; _c23 cm. |
||
| 336 |
_atexto _btxt _2rdaconten |
||
| 337 |
_asin mediación _bn _2rdamedia |
||
| 338 |
_avolumen _bnc _2rdacarrier |
||
| 490 | 1 | _aColección Cielo Naranja | |
| 500 | _aIncluye datos biográficos del autor en la solapa de la contracubierta. | ||
| 504 | _aBibliografía : páginas 133 | ||
| 505 | 0 |
_aPremio Internacional Pedro Henríquez Ureña 2015, sección inicial: Presentación de Beatriz Sarlo galardonada con el Premio Pedro Henríquez Ureña 2015 por el señor Ministro de Cultura, José Antonio Rodríguez Duvergé -- _tDictamen Premio Internacional Pedro Henríquez Ureña que se ortoga a la ensayista argentina Beatriz Sarlo -- _tLección magestral de la galardonada Beatriz Sarlo -- _tColoquio "Beatriz Sarlo y las nuevas constelaciones de la crítica en nuestra America," sección uno _tTestimonio por la Dra. Sylvia Molloy -- _tBeatriz Sarlo : una lectora en el mundo / Dr. Rafael Mondragón -- _tColoquio "Pedro Henríquez Ureña y el pensamiento crítico en nuestra America," sección dos: _tPedro Henríquez Ureña y la biblioteca americana: asomo a un proyecto editorial / Liliana Weinberg -- _tCosmopolitismo, latinoamericanismo y humanismo : notas sobre Pedro Henríquez Ureña a propósito / Dr. Ignacio M. Sánchez Prado -- _tEntre la convicción y la duda : el pensamiento crítico en torno a Pedro Henríquez Ureñá / Dr. Juan R. Valdez -- _tPresentación de los catorce tomos de las "Obras de Pedro Henríquez Ureña" compiladas por Miguel D. Mena y el libro "Seis ensayos en busca de Pedro Henríquez Ureña" de la Dra. Liliana Weinberg," sección tres: _tPresentación por parte del honorable Señor Ministro de Cultura de la República Dominicana, José Antonio Rodríguez Duvergé de las Obras completas de Pedro Henríquez Ureña -- _tHacia las obras completas de Pedro Henríquez Ureña por el compilador de la colección / Miguel D. Mena -- _tPresentación del libro Seis ensayos en busca de Pedro Henríquez Ureña, de la Dra. Liliana Weinberg / Luis O. Brea Franco -- _tSeis ensayos en busca de Pedro Henríquez Ureña / Dr. Liliana Weinberg -- _tPresentación en la Feria del Libro Dominicano en New York : Seis ensayos en busca de Pedro Henríquez de la Dra. Liliana Weinberg / Dr. Juan R. Valdez. |
|
| 590 | _aInventariado, 2018/LP | ||
| 700 | 1 |
_aBrea Franco, Luis O., _ecompilador-editor _4comp., ed. _97125 |
|
| 910 | _aLP | ||
| 942 |
_2ddc _cLBS1 |
||
| 999 |
_c47520 _d47520 |
||